000 00236pab a2200109 454500
008 180718b xxu||||| |||| 00| 0 eng d
100 _aBehl, R.K
245 _aValue-based education
650 _aEducation
773 _aTribune
909 _a2419
999 _c2419
_d2419